[Event "2nd GMA World Cup prel  #3"]
[Site "Palma de Mallorca"]
[Date "1989.??.??"]
[Round "1"]
[White "Ballester Sanz, Joaquin"]
[Black "Kuzmin, Gennady"]
[Result "0-1"]
[WhiteElo "2250"]
[BlackElo "2495"]
[EventDate "1989.12.??"]
[PlyCount "112"]

1.e4 e5 2.Nf3 Nc6 3.Bb5 a6 4.Ba4 Nf6 5.O-O Be7 6.Re1 b5 7.Bb3 d6 8.c3 O-O 
9.a4 b4 10.h3 Rb8 11.d4 bxc3 12.bxc3 exd4 13.cxd4 d5 14.exd5 Nxd5 15.Bxd5 
Qxd5 16.Nc3 Qd8 17.Bf4 Bb4 18.Rc1 Ne7 19.Bg5 f6 20.Bd2 Nf5 21.Ne4 a5 22.
Qb3+ Kh8 23.Qc4 Bb7 24.Bxb4 axb4 25.Ned2 Qd7 26.Qxc7 Qxa4 27.Qf4 Qd7 28.
Rc7 Qd6 29.Qxd6 Nxd6 30.Ree7 Bd5 31.Red7 Nb5 32.Rc1 Bg8 33.Rb1 Nc3 34.Rb2 
Na4 35.Rb1 b3 36.d5 b2 37.Nc4 Bxd5 38.Nfd2 Bf7 39.Ra7 Rb4 40.Nd6 Bg6 41.
Rxa4 Rxa4 42.Rxb2 Rfa8 43.Nf3 Ra1+ 44.Kh2 R1a2 45.Rxa2 Rxa2 46.Kg1 Kg8 47.
Nc4 Kf8 48.g4 Be4 49.Kg2 Ke7 50.Ne3 Kd6 51.Kg3 Kc5 52.h4 g6 53.g5 Bxf3 54.
Kxf3 fxg5 55.hxg5 Kd6 56.Ng4 Ke6 0-1

[Event "2nd GMA World Cup prel  #3"]
[Site "Palma de Mallorca"]
[Date "1989.??.??"]
[Round "1"]
[White "Lalic, Bogdan"]
[Black "Muresan-Juncu, Margareta"]
[Result "1-0"]
[WhiteElo "2500"]
[BlackElo "2215"]
[EventDate "1989.12.??"]
[PlyCount "35"]

1.d4 Nf6 2.c4 e6 3.Nc3 Bb4 4.Qc2 O-O 5.Nf3 c5 6.dxc5 Na6 7.g3 Nxc5 8.Bg2 
Nce4 9.O-O Bxc3 10.bxc3 Qa5 11.Nd4 d5 12.cxd5 exd5 13.c4 Bd7 14.cxd5 Rac8 
15.Qb3 Ba4 16.Qa3 Rc3 17.Nb3 Bxb3 18.Qxa5 1-0

[Event "2nd GMA World Cup prel  #3"]
[Site "Palma de Mallorca"]
[Date "1989.??.??"]
[Round "1"]
[White "Vreeken, Corry"]
[Black "Zaichik, Gennadi"]
[Result "0-1"]
[WhiteElo "2180"]
[BlackElo "2500"]
[EventDate "1989.12.??"]
[PlyCount "64"]

1.e4 c5 2.Nf3 d6 3.d4 cxd4 4.Qxd4 a6 5.c4 Nc6 6.Qd3 g6 7.Nc3 Bg7 8.g3 Nf6 
9.Bg2 O-O 10.O-O Bg4 11.Bf4 Nd7 12.Rac1 Bxf3 13.Qxf3 b5 14.cxb5 axb5 15.
Nxb5 Qb6 16.e5 Ncxe5 17.Bxe5 Nxe5 18.Qb3 Ra5 19.a4 e6 20.Qc2 d5 21.b3 Raa8
22.Qc7 Qa6 23.Rfd1 Rfc8 24.Qd6 Qa5 25.Rc7 Rxc7 26.Nxc7 Rf8 27.Nxe6 fxe6 
28.Qxe6+ Kh8 29.Bxd5 Qc5 30.Bg2 Qxf2+ 31.Kh1 Qc2 32.Qd5 Ng4 0-1

[Event "2nd GMA World Cup prel  #3"]
[Site "Palma de Mallorca"]
[Date "1989.??.??"]
[Round "1"]
[White "Hector, Jonny"]
[Black "Polihroniade, Elisabeta"]
[Result "1-0"]
[WhiteElo "2500"]
[BlackElo "2170"]
[EventDate "1989.12.??"]
[PlyCount "59"]

1.e4 g6 2.d4 Bg7 3.Nc3 d6 4.f4 Nf6 5.e5 Nfd7 6.Nf3 O-O 7.h4 c5 8.h5 cxd4 
9.Qxd4 dxe5 10.Qf2 Nf6 11.hxg6 fxg6 12.fxe5 Ng4 13.Bc4+ e6 14.Qg3 Nxe5 15.
Nxe5 Qd4 16.Nxg6 hxg6 17.Qxg6 Qf2+ 18.Kd1 Rd8+ 19.Bd3 Qf5 20.Qg3 Nc6 21.
Bh6 Qe5 22.Qg6 Ne7 23.Qh7+ Kf7 24.Rf1+ Nf5 25.g4 Qf6 26.Bxg7 Qxg7 27.Qxg7+
Kxg7 28.gxf5 exf5 29.Kd2 Be6 30.Rae1 1-0

[Event "2nd GMA World Cup prel  #3"]
[Site "Palma de Mallorca"]
[Date "1989.??.??"]
[Round "1"]
[White "Taimanov, Mark"]
[Black "Zatulovskaya, Tatiana"]
[Result "1-0"]
[WhiteElo "2495"]
[BlackElo "2120"]
[EventDate "1989.12.??"]
[PlyCount "67"]

1.Nf3 g6 2.e4 d6 3.d4 Bg7 4.c3 Nc6 5.Bb5 Bd7 6.O-O e5 7.dxe5 Nxe5 8.Nxe5 
dxe5 9.Qb3 Nf6 10.Rd1 Qc8 11.Bxd7+ Nxd7 12.Qa3 Bf8 13.Qa4 c6 14.Bg5 b5 15.
Qc2 f6 16.Be3 Be7 17.a4 a6 18.axb5 axb5 19.Rxa8 Qxa8 20.h4 Nf8 21.c4 b4 
22.c5 Qa2 23.Nd2 Ne6 24.Nb3 Qa6 25.Ra1 Qb7 26.Qc4 Kf7 27.Ra6 Rc8 28.Rb6 
Qd7 29.Rxb4 f5 30.exf5 gxf5 31.Qc2 Ng7 32.Bg5 Rd8 33.Bxe7 Kxe7 34.Na5 1-0

[Event "2nd GMA World Cup prel  #3"]
[Site "Palma de Mallorca"]
[Date "1989.??.??"]
[Round "1"]
[White "King, Daniel John"]
[Black "Heemskerk, Fenny"]
[Result "1-0"]
[WhiteElo "2495"]
[BlackElo "2020"]
[EventDate "1989.12.??"]
[PlyCount "75"]

1.d4 Nf6 2.Nf3 e6 3.Bg5 Be7 4.Nbd2 d5 5.e3 O-O 6.Bd3 Nbd7 7.c3 c5 8.Qb1 
cxd4 9.exd4 h6 10.Bf4 Nh5 11.Be3 f5 12.Nb3 a5 13.a4 Bd6 14.Bb5 b6 15.Nc1 
Bf4 16.Bxf4 Nxf4 17.g3 Ng6 18.h4 h5 19.Nd3 Nf6 20.Qd1 Ne4 21.Nfe5 Nxe5 22.
Nxe5 Nf6 23.Qe2 Ng4 24.Nd3 Qd6 25.Nf4 Nf6 26.Nxh5 Nxh5 27.Qxh5 e5 28.dxe5 
Qxe5+ 29.Qe2 Qd6 30.O-O-O f4 31.Rxd5 Qf6 32.Rhd1 fxg3 33.fxg3 Bb7 34.Rd6 
Qf3 35.Bc4+ Kh8 36.Qe5 Rf6 37.Rd8+ Rf8 38.R8d7 1-0

[Event "2nd GMA World Cup prel  #3"]
[Site "Palma de Mallorca"]
[Date "1989.??.??"]
[Round "2"]
[White "Gurevich, Dmitry"]
[Black "Dolmatov, Sergei"]
[Result "0-1"]
[WhiteElo "2490"]
[BlackElo "2615"]
[EventDate "1989.12.??"]
[PlyCount "92"]

1.d4 f5 2.g3 Nf6 3.Bg2 g6 4.Nf3 Bg7 5.O-O O-O 6.c4 d6 7.Nc3 c6 8.b3 Qa5 9.
Bb2 e5 10.dxe5 dxe5 11.e4 f4 12.Qd6 Ne8 13.Qd3 Na6 14.a3 Nc5 15.Qc2 Qc7 
16.b4 Ne6 17.Qb3 Nd6 18.c5 Nf7 19.Rad1 Kh8 20.h4 g5 21.Nd5 cxd5 22.exd5 g4
23.dxe6 gxf3 24.Bxf3 Nd8 25.Bg4 Qe7 26.Rd6 fxg3 27.fxg3 Re8 28.Re1 Bxe6 
29.Qd1 Bxg4 30.Qxg4 b6 31.Rd7 Qf6 32.Rf1 Qg6 33.Qf3 Ne6 34.h5 Qg5 35.Bc1 
Nf4 36.Kf2 Qf5 37.c6 Bf6 38.gxf4 Bh4+ 39.Ke3 Qc2 40.fxe5 Qc3+ 41.Ke2 Rxe5+
42.Be3 Rg8 43.Rf2 Bg5 44.Kf1 Rxe3 45.Qd1 Qc4+ 46.Re2 Rf8+ 0-1

[Event "2nd GMA World Cup prel  #3"]
[Site "Palma de Mallorca"]
[Date "1989.??.??"]
[Round "2"]
[White "Kaidanov, Grigory"]
[Black "Miles, Anthony John"]
[Result "0-1"]
[WhiteElo "2500"]
[BlackElo "2580"]
[EventDate "1989.12.??"]
[PlyCount "60"]

1.d4 Nc6 2.e4 e5 3.d5 Nce7 4.c4 Ng6 5.Be3 Bb4+ 6.Nd2 Nf6 7.f3 Qe7 8.g3 O-O
9.Bh3 c6 10.a3 Bc5 11.Nf1 b5 12.b4 Bd4 13.Bxd4 exd4 14.Qxd4 bxc4 15.d6 Qe5
16.Ne2 a5 17.Ne3 axb4 18.Nxc4 Qh5 19.Bg2 c5 20.Qe3 Ba6 21.Nb6 Rab8 22.axb4
Rxb6 23.bxc5 Rc6 24.Ra5 Ne5 25.Nf4 Qg5 26.Qd4 Rb8 27.Ra1 h6 28.Rxa6 Rxa6 
29.O-O Nc6 30.Qc4 Ra5 0-1

[Event "2nd GMA World Cup prel  #3"]
[Site "Palma de Mallorca"]
[Date "1989.??.??"]
[Round "2"]
[White "Dorfman, Iosif"]
[Black "Petrosian, Arshak"]
[Result "1/2-1/2"]
[WhiteElo "2585"]
[BlackElo "2490"]
[EventDate "1989.12.??"]
[PlyCount "91"]

1.e4 c5 2.Nf3 d6 3.d4 cxd4 4.Nxd4 Nf6 5.Nc3 a6 6.Be2 e5 7.Nb3 Be7 8.Be3 
Be6 9.f4 exf4 10.Bxf4 Nc6 11.Qd2 O-O 12.O-O-O Ne5 13.Nd4 Qd7 14.Nxe6 Qxe6 
15.Kb1 Rac8 16.Rhe1 Rfe8 17.Bd3 Bd8 18.Ne2 Bb6 19.Bg5 Nxd3 20.cxd3 Bf2 21.
Rf1 Nxe4 22.dxe4 Qxe4+ 23.Ka1 Rc2 24.Rxf2 Rxd2 25.Bxd2 b5 26.Nc3 Qd4 27.
Rf4 Qc5 28.Rc1 h6 29.g3 a5 30.Nb1 Qb6 31.a3 f6 32.h4 h5 33.g4 Re2 34.gxh5 
Rxd2 35.Nxd2 Qe3 36.Rg4 Qxd2 37.Rcg1 Qh6 38.Rg6 Qxh5 39.Rxg7+ Kf8 40.Ra7 
Qc5 41.Rag7 b4 42.Rg8+ Kf7 43.R8g7+ Ke6 44.Re1+ Kf5 45.Rf1+ Ke6 46.Rg3 
1/2-1/2

[Event "2nd GMA World Cup prel  #3"]
[Site "Palma de Mallorca"]
[Date "1989.??.??"]
[Round "2"]
[White "Chernin, Alexander"]
[Black "Gufeld, Eduard"]
[Result "1/2-1/2"]
[WhiteElo "2580"]
[BlackElo "2490"]
[EventDate "1989.12.??"]
[PlyCount "28"]

1.d4 Nf6 2.c4 g6 3.Nc3 Bg7 4.e4 O-O 5.Nf3 c6 6.h3 d5 7.e5 Ne4 8.Bd3 Nxc3 
9.bxc3 c5 10.O-O Nc6 11.cxd5 Qxd5 12.Re1 cxd4 13.Be4 Qc4 14.cxd4 Rd8 
1/2-1/2

[Event "2nd GMA World Cup prel  #3"]
[Site "Palma de Mallorca"]
[Date "1989.??.??"]
[Round "2"]
[White "Timoschenko, Gennady"]
[Black "Gavrikov, Viktor"]
[Result "1/2-1/2"]
[WhiteElo "2500"]
[BlackElo "2555"]
[EventDate "1989.12.??"]
[PlyCount "23"]

1.d4 Nf6 2.c4 g6 3.Nc3 d5 4.cxd5 Nxd5 5.e4 Nxc3 6.bxc3 Bg7 7.Bc4 O-O 8.Ne2
c5 9.O-O Nc6 10.Be3 Bg4 11.f3 Na5 12.Bxf7+ 1/2-1/2

[Event "2nd GMA World Cup prel  #3"]
[Site "Palma de Mallorca"]
[Date "1989.??.??"]
[Round "2"]
[White "Vyzhmanavin, Alexei"]
[Black "Hector, Jonny"]
[Result "0-1"]
[WhiteElo "2555"]
[BlackElo "2500"]
[EventDate "1989.12.??"]
[PlyCount "98"]

1.d4 d5 2.c4 e6 3.Nf3 Nf6 4.Nc3 Bb4 5.Bg5 Nbd7 6.cxd5 exd5 7.e3 c5 8.Bd3 
Qa5 9.Qc2 c4 10.Bf5 O-O 11.O-O Re8 12.Nd2 g6 13.Bh3 Bxc3 14.bxc3 Ne4 15.
Nxe4 dxe4 16.f4 exf3 17.Bh4 Qh5 18.Bg3 Rxe3 19.Qd2 Re2 20.Qf4 Nf8 21.Rxf3 
g5 22.Qf6 g4 23.Rff1 gxh3 24.Be5 Rxe5 25.dxe5 Qg6 26.Rf2 Qxf6 27.exf6 hxg2
28.Rxg2+ Ng6 29.Rd1 Bf5 30.Rd4 Bd3 31.h4 Kf8 32.h5 Ne5 33.Rg3 Re8 34.Re3 
Nc6 35.Rxe8+ Kxe8 36.Rd5 Be4 37.Rc5 Kd7 38.Rxc4 Bd5 39.Rg4 Ke6 40.Rg7 Be4 
41.Kf2 Kxf6 42.Rg8 Ne7 43.Ra8 a6 44.Ke3 Bc6 45.Rh8 Kg7 46.Rd8 Nd5+ 47.Kd4 
Nf6 48.Ke5 Nxh5 49.Rd1 f6+ 0-1

[Event "2nd GMA World Cup prel  #3"]
[Site "Palma de Mallorca"]
[Date "1989.??.??"]
[Round "2"]
[White "Kudrin, Sergei"]
[Black "Kholmov, Ratmir"]
[Result "1/2-1/2"]
[WhiteElo "2570"]
[BlackElo "2485"]
[EventDate "1989.12.??"]
[PlyCount "80"]

1.e4 c6 2.d4 d5 3.Nc3 dxe4 4.Nxe4 Nd7 5.Ng5 Ngf6 6.Bd3 e6 7.N1f3 Be7 8.Qe2
h6 9.Ne4 Nxe4 10.Qxe4 c5 11.Qg4 Bf6 12.dxc5 Nxc5 13.Bb5+ Bd7 14.Bxd7+ Qxd7
15.O-O Qa4 16.Qxa4+ Nxa4 17.Rb1 b5 18.c3 O-O 19.Be3 a6 20.Rfd1 Rfd8 21.
Rxd8+ Rxd8 22.Kf1 g5 23.h3 Kg7 24.g3 Kg6 25.Nd4 h5 26.Nb3 Rd5 27.g4 Be5 
28.Nd2 f5 29.gxf5+ Kxf5 30.Nf3 Bf6 31.Nd4+ Bxd4 32.Bxd4 Nc5 33.Ke2 Ne4 34.
Rg1 Nf6 35.Be3 g4 36.f3 e5 37.fxg4+ hxg4 38.Rf1+ Ke6 39.hxg4 Nxg4 40.Rf8 
Nxe3 1/2-1/2

[Event "2nd GMA World Cup prel  #3"]
[Site "Palma de Mallorca"]
[Date "1989.??.??"]
[Round "2"]
[White "Zaichik, Gennadi"]
[Black "Hulak, Krunoslav"]
[Result "0-1"]
[WhiteElo "2500"]
[BlackElo "2550"]
[EventDate "1989.12.??"]
[PlyCount "92"]

1.c4 c5 2.Nf3 Nc6 3.Nc3 Nd4 4.Ne5 g6 5.e3 Bg7 6.exd4 cxd4 7.Nxf7 Kxf7 8.
Ne4 Nf6 9.Ng5+ Kg8 10.Nf3 Qb6 11.d3 d6 12.g3 h6 13.Bg2 Kh7 14.O-O Rf8 15.
h3 e5 16.Qb3 Qc7 17.Bd2 Be6 18.Bb4 a5 19.Ba3 Rab8 20.Qd1 Rfe8 21.Kh2 Qd7 
22.Qd2 b5 23.b3 b4 24.Bb2 Qc8 25.a3 Nd7 26.axb4 axb4 27.Ra7 Nc5 28.Bc1 Bd7
29.Qd1 Bc6 30.h4 Ra8 31.Rxa8 Qxa8 32.h5 g5 33.Ne1 Bxg2 34.Nxg2 Qa2 35.f4 
Qxb3 36.Qg4 Qxd3 37.Rd1 Qxc4 38.fxg5 Qe6 39.Qh4 hxg5 40.Bxg5 Rf8 41.Ra1 b3
42.h6 Bf6 43.Bxf6 Rxf6 44.Qg5 Rf7 45.Rf1 b2 46.Nh4 Ne4 0-1

[Event "2nd GMA World Cup prel  #3"]
[Site "Palma de Mallorca"]
[Date "1989.??.??"]
[Round "2"]
[White "Kosten, Anthony Cornelius"]
[Black "Olafsson, Helgi"]
[Result "1/2-1/2"]
[WhiteElo "2500"]
[BlackElo "2545"]
[EventDate "1989.12.??"]
[PlyCount "24"]

1.e4 c5 2.Nf3 d6 3.c3 Nf6 4.Bd3 g6 5.Bc2 Bh6 6.O-O O-O 7.h3 Nc6 8.d4 Bxc1 
9.Qxc1 cxd4 10.cxd4 e5 11.dxe5 dxe5 12.Nc3 Qe7 1/2-1/2

[Event "2nd GMA World Cup prel  #3"]
[Site "Palma de Mallorca"]
[Date "1989.??.??"]
[Round "2"]
[White "Klinger, Josef"]
[Black "Smyslov, Vassily"]
[Result "1-0"]
[WhiteElo "2475"]
[BlackElo "2570"]
[EventDate "1989.12.??"]
[PlyCount "75"]

1.d4 d5 2.c4 c6 3.cxd5 cxd5 4.Nc3 Nf6 5.Bf4 Nc6 6.e3 e6 7.Bd3 Be7 8.h3 O-O
9.Nf3 Qb6 10.a3 Bd7 11.O-O Rfc8 12.Qe2 Be8 13.Rac1 Na5 14.Rc2 Qd8 15.Nd2 
Nc6 16.Rfc1 h6 17.b4 a5 18.b5 Na7 19.Ndb1 b6 20.a4 Bd6 21.Qf3 Rab8 22.Nd2 
Bxf4 23.Qxf4 Rb7 24.g4 Nh7 25.Nf3 Ng5 26.Nxg5 hxg5 27.Qe5 Bd7 28.e4 f6 29.
Qd6 dxe4 30.Bxe4 Rbb8 31.d5 e5 32.Nd1 Rxc2 33.Rxc2 Rc8 34.Ne3 Rxc2 35.Bxc2
Nc8 36.Qb8 Qf8 37.Bf5 Qe8 38.Qc7 1-0

[Event "2nd GMA World Cup prel  #3"]
[Site "Palma de Mallorca"]
[Date "1989.??.??"]
[Round "2"]
[White "Popovic, Petar"]
[Black "King, Daniel John"]
[Result "0-1"]
[WhiteElo "2550"]
[BlackElo "2495"]
[EventDate "1989.12.??"]
[PlyCount "74"]

1.e4 c5 2.Nf3 d6 3.d4 cxd4 4.Nxd4 Nf6 5.Nc3 a6 6.g3 e5 7.Nb3 Nbd7 8.a4 b6 
9.Bg2 Bb7 10.Nd2 Rc8 11.O-O Be7 12.Re1 Rc5 13.Nf1 Qa8 14.Ne3 Nxe4 15.Nf5 
Nxc3 16.Bxb7 Qxb7 17.bxc3 g6 18.Nxe7 Kxe7 19.Ba3 Rhc8 20.Bxc5 Rxc5 21.Qd2 
Qc6 22.Re3 Nf6 23.Rd1 Rc4 24.Rd3 Ne4 25.Qe3 Rxc3 26.Rxc3 Nxc3 27.Rd3 Ne4 
28.Rb3 Nc3 29.Rb4 a5 30.Rh4 h5 31.Qg5+ Ke8 32.Qe3 Nxa4 33.g4 Qxc2 34.gxh5 
gxh5 35.Qg5 Nc3 36.Rxh5 Ne2+ 37.Kf1 Nf4 0-1

[Event "2nd GMA World Cup prel  #3"]
[Site "Palma de Mallorca"]
[Date "1989.??.??"]
[Round "2"]
[White "Razuvaev, Yury"]
[Black "Taimanov, Mark"]
[Result "1-0"]
[WhiteElo "2545"]
[BlackElo "2495"]
[EventDate "1989.12.??"]
[PlyCount "93"]

1.d4 Nf6 2.c4 e6 3.Nf3 Bb4+ 4.Bd2 a5 5.g3 d5 6.Qc2 Nc6 7.a3 Be7 8.Bg2 O-O 
9.O-O Bd7 10.Rd1 Qb8 11.cxd5 exd5 12.Nc3 Qc8 13.Bg5 Be6 14.Ne5 Ra6 15.Nxc6
Rxc6 16.e4 Bd8 17.Bxf6 Bxf6 18.e5 Bd8 19.Qe2 Qd7 20.Qb5 Rb6 21.Qxd7 Bxd7 
22.Rd2 Be6 23.Bxd5 Be7 24.Bxe6 fxe6 25.d5 Rf5 26.f4 g5 27.dxe6 gxf4 28.Nd5
Rxe6 29.gxf4 Kf7 30.Kg2 Rc6 31.Kf3 Rc4 32.b3 Rc6 33.Ke4 Rh5 34.Nxe7 Kxe7 
35.Rg1 Rg6 36.Rg3 a4 37.bxa4 Ra6 38.Rg7+ Ke6 39.Rxc7 Rxa4+ 40.Kf3 Kf5 41.
Rf7+ Ke6 42.Rf6+ Ke7 43.Rb6 Rh4 44.Rxb7+ Ke8 45.Rb4 Rxa3+ 46.Ke4 Rah3 47.
Rb8+ 1-0

[Event "2nd GMA World Cup prel  #3"]
[Site "Palma de Mallorca"]
[Date "1989.??.??"]
[Round "2"]
[White "Eingorn, Vyacheslav"]
[Black "Chekhov, Valery"]
[Result "1/2-1/2"]
[WhiteElo "2560"]
[BlackElo "2480"]
[EventDate "1989.12.??"]
[PlyCount "21"]

1.c4 c5 2.Nf3 g6 3.d4 Bg7 4.e4 Qa5+ 5.Nc3 d6 6.d5 Bxc3+ 7.bxc3 Nf6 8.Nd2 
Qxc3 9.Rb1 Nxe4 10.Rb3 Qa5 11.Ra3 1/2-1/2

[Event "2nd GMA World Cup prel  #3"]
[Site "Palma de Mallorca"]
[Date "1989.??.??"]
[Round "2"]
[White "Campora, Daniel Hugo"]
[Black "Van der Wiel, John"]
[Result "1/2-1/2"]
[WhiteElo "2495"]
[BlackElo "2545"]
[EventDate "1989.12.??"]
[PlyCount "85"]

1.e4 c5 2.Nf3 d6 3.d4 cxd4 4.Nxd4 Nf6 5.Nc3 Nc6 6.Bg5 e6 7.Qd2 a6 8.O-O-O 
h6 9.Be3 Be7 10.f3 Nxd4 11.Bxd4 b5 12.Kb1 Rb8 13.e5 dxe5 14.Bxe5 Qxd2 15.
Rxd2 Rb7 16.Bd3 O-O 17.Ne4 Rd7 18.Nxf6+ gxf6 19.Bf4 Kg7 20.Rhd1 Rfd8 21.
Be4 Rxd2 22.Rxd2 Rxd2 23.Bxd2 h5 24.b4 Bd6 25.h3 f5 26.Bc6 e5 27.h4 f4 28.
Kb2 Kf8 29.a4 bxa4 30.Bxa4 Be6 31.Bb3 Ke7 32.c4 Bc7 33.Kc3 f5 34.Bc2 a5 
35.Kb3 axb4 36.Kxb4 Bd7 37.Kc5 Ke6 38.Be1 Bd8 39.Kb4 Bc6 40.Ba4 Be7+ 41.
Kb3 Kd7 42.Bxc6+ Kxc6 43.Kc3 1/2-1/2

[Event "2nd GMA World Cup prel  #3"]
[Site "Palma de Mallorca"]
[Date "1989.??.??"]
[Round "2"]
[White "Radulov, Ivan"]
[Black "Chandler, Murray Graham"]
[Result "1/2-1/2"]
[WhiteElo "2450"]
[BlackElo "2585"]
[EventDate "1989.12.??"]
[PlyCount "114"]

1.Nf3 c5 2.g3 g6 3.Bg2 Bg7 4.d4 cxd4 5.Nxd4 Nc6 6.Nb3 Nf6 7.c4 O-O 8.O-O 
d6 9.Nc3 Bf5 10.e4 Bg4 11.f3 Be6 12.Nd5 Ne5 13.Nd4 Bd7 14.b3 Rc8 15.Be3 
Nxd5 16.exd5 Qa5 17.h3 b5 18.cxb5 Bxb5 19.Nxb5 Qxb5 20.Qd2 Nd3 21.Rad1 Nb4
22.Rc1 Nxd5 23.Bxa7 Nc3 24.Rc2 d5 25.Kh2 Qb4 26.Bf2 e5 27.Qd3 f5 28.Be1 d4
29.Bd2 Rc7 30.Rfc1 Rfc8 31.Bxc3 Rxc3 32.Rxc3 dxc3 33.Qd5+ Kh8 34.Bf1 e4 
35.fxe4 fxe4 36.Bc4 Qe7 37.Re1 Rd8 38.Qc6 e3 39.Re2 Qg5 40.h4 Qe5 41.a4 
Bf8 42.Qf3 Bc5 43.Kg2 Rf8 44.Qd5 Qxd5+ 45.Bxd5 Kg7 46.Be4 Rb8 47.Bc2 Kf6 
48.Re1 Ke5 49.h5 Rf8 50.Re2 Kd4 51.hxg6 hxg6 52.Bxg6 Bd6 53.g4 Rh8 54.Bf5 
Rh2+ 55.Kf1 Rh1+ 56.Kg2 Rh2+ 57.Kf1 Rh1+ 1/2-1/2

[Event "2nd GMA World Cup prel  #3"]
[Site "Palma de Mallorca"]
[Date "1989.??.??"]
[Round "2"]
[White "Malaniuk, Vladimir"]
[Black "Murshed, Niaz"]
[Result "1-0"]
[WhiteElo "2560"]
[BlackElo "2475"]
[EventDate "1989.12.??"]
[PlyCount "65"]

1.d4 d5 2.c4 dxc4 3.e3 Nf6 4.Bxc4 e6 5.Qe2 c5 6.dxc5 Bxc5 7.Nf3 a6 8.O-O 
b5 9.Bd3 Nbd7 10.a4 b4 11.Nbd2 Bb7 12.e4 Be7 13.Nb3 Ng4 14.Bf4 h5 15.Rac1 
e5 16.Bd2 O-O 17.Rfd1 Qb8 18.a5 Rc8 19.h3 Rxc1 20.Rxc1 Ngf6 21.Ng5 Qd6 22.
Rc4 Nf8 23.Bxb4 Qd8 24.Bxe7 Qxe7 25.Rc3 Nd5 26.exd5 Qxg5 27.Be4 Rd8 28.Qf3
Qf4 29.Nc5 Qxf3 30.Bxf3 Bc8 31.Nd3 Nd7 32.Rc7 Kh8 33.Bxh5 1-0

[Event "2nd GMA World Cup prel  #3"]
[Site "Palma de Mallorca"]
[Date "1989.??.??"]
[Round "2"]
[White "Kuzmin, Gennady"]
[Black "Velimirovic, Dragoljub"]
[Result "1/2-1/2"]
[WhiteElo "2495"]
[BlackElo "2535"]
[EventDate "1989.12.??"]
[PlyCount "70"]

1.d4 Nf6 2.c4 c5 3.d5 g6 4.Nc3 Bg7 5.g3 O-O 6.Bg2 d6 7.Nf3 a6 8.a4 e6 9.
O-O exd5 10.cxd5 Nbd7 11.Bf4 Qe7 12.h3 h6 13.e4 Nh7 14.Qd2 g5 15.Be3 Nb6 
16.Qd1 Nc4 17.Bc1 f5 18.exf5 Bxf5 19.Nd2 Nxd2 20.Bxd2 Bd4 21.Kh2 Rae8 22.
f4 Qg7 23.fxg5 hxg5 24.Qh5 Qg6 25.Qxg6+ Bxg6 26.Rxf8+ Rxf8 27.Rf1 Rxf1 28.
Bxf1 g4 29.Bf4 gxh3 30.Bxh3 Nf6 31.Bxd6 Bf7 32.Bc8 b5 33.axb5 axb5 34.Nxb5
Bxb2 35.Bxc5 Bxd5 1/2-1/2

[Event "2nd GMA World Cup prel  #3"]
[Site "Palma de Mallorca"]
[Date "1989.??.??"]
[Round "2"]
[White "Mikhalchishin, Adrian"]
[Black "Ftacnik, Lubomir"]
[Result "1/2-1/2"]
[WhiteElo "2475"]
[BlackElo "2550"]
[EventDate "1989.12.??"]
[PlyCount "51"]

1.d4 Nf6 2.c4 g6 3.g3 Bg7 4.Bg2 d5 5.cxd5 Nxd5 6.Nf3 O-O 7.O-O Nb6 8.Nc3 
Nc6 9.e3 e5 10.d5 Na5 11.e4 c6 12.Bg5 f6 13.Be3 cxd5 14.exd5 Rf7 15.Bc5 f5
16.Qc1 e4 17.Ng5 Rc7 18.b4 Nbc4 19.Rd1 Bxc3 20.Qxc3 Qxg5 21.Bd4 Bd7 22.
bxa5 Qe7 23.Bb6 Rcc8 24.Bc7 Nd6 25.Bxd6 Qxd6 26.Qd4 1/2-1/2

[Event "2nd GMA World Cup prel  #3"]
[Site "Palma de Mallorca"]
[Date "1989.??.??"]
[Round "2"]
[White "Zapata, Alonso"]
[Black "Gruenfeld, Yehuda"]
[Result "1/2-1/2"]
[WhiteElo "2490"]
[BlackElo "2530"]
[EventDate "1989.12.??"]
[PlyCount "109"]

1.e4 c5 2.Nf3 d6 3.d4 cxd4 4.Nxd4 Nf6 5.Nc3 a6 6.Bg5 e6 7.f4 Be7 8.Qf3 Qc7
9.O-O-O Nbd7 10.g4 b5 11.Bxf6 Nxf6 12.g5 Nd7 13.f5 Nc5 14.f6 gxf6 15.gxf6 
Bf8 16.Rg1 h5 17.a3 Bd7 18.Bh3 Na4 19.Nxa4 bxa4 20.e5 Rc8 21.exd6 Bxd6 22.
Kb1 Be5 23.c3 Rb8 24.Rg2 Qc5 25.Ka1 Kf8 26.Qe3 Ke8 27.Qf2 Qb6 28.Rdg1 Rf8 
29.Rg8 Bxf6 30.Rxf8+ Kxf8 31.Rf1 e5 32.Bxd7 exd4 33.b4 axb3 34.Qxf6 Qxf6 
35.Rxf6 Ke7 36.Rf3 Kxd7 37.cxd4 b2+ 38.Kb1 Ke6 39.d5+ Ke7 40.Rh3 f5 41.
Rxh5 Kf6 42.d6 f4 43.d7 Rf8 44.Rd5 Ke7 45.Kxb2 f3 46.Kc2 Kd8 47.Rd1 Rh8 
48.Rd2 Rh3 49.Rf2 Kxd7 50.Kd3 Kc6 51.Ke4 Kb5 52.Kf4 Ka4 53.Kg4 Rh8 54.h4 
Kxa3 55.Rxf3+ 1/2-1/2

[Event "2nd GMA World Cup prel  #3"]
[Site "Palma de Mallorca"]
[Date "1989.??.??"]
[Round "2"]
[White "Csom, Istvan"]
[Black "Liberzon, Vladimir"]
[Result "0-1"]
[WhiteElo "2530"]
[BlackElo "2480"]
[EventDate "1989.12.??"]
[PlyCount "40"]

1.c4 e5 2.g3 Nf6 3.Bg2 d5 4.cxd5 Nxd5 5.Nc3 Nb6 6.d3 Be7 7.Be3 O-O 8.Rc1 
Kh8 9.Nf3 Nc6 10.Na4 e4 11.Nxb6 exf3 12.Nxa8 fxg2 13.Rg1 Bh3 14.Nxc7 Qxc7 
15.Qa4 Re8 16.a3 Bf6 17.Rc2 Qd8 18.Kd1 Nd4 19.Rc5 b5 20.Qxa7 Nf3 0-1

[Event "2nd GMA World Cup prel  #3"]
[Site "Palma de Mallorca"]
[Date "1989.??.??"]
[Round "2"]
[White "Kochiev, Alexander"]
[Black "Todorcevic, Miodrag"]
[Result "1/2-1/2"]
[WhiteElo "2475"]
[BlackElo "2530"]
[EventDate "1989.12.??"]
[PlyCount "31"]

1.Nf3 g6 2.e4 Bg7 3.d4 d6 4.c3 Nf6 5.Bd3 O-O 6.O-O c5 7.h3 a6 8.Re1 Qc7 9.
e5 dxe5 10.dxe5 Ne8 11.Bf4 Nc6 12.Qe2 Be6 13.Nbd2 Rd8 14.Qe3 Qc8 15.Bf1 
Nc7 16.Qxc5 1/2-1/2

[Event "2nd GMA World Cup prel  #3"]
[Site "Palma de Mallorca"]
[Date "1989.??.??"]
[Round "2"]
[White "Hansen, Curt"]
[Black "Velikov, Petar"]
[Result "1-0"]
[WhiteElo "2525"]
[BlackElo "2480"]
[EventDate "1989.12.??"]
[PlyCount "89"]

1.c4 Nf6 2.Nc3 c6 3.d4 d5 4.e3 g6 5.Nf3 Bg7 6.Be2 O-O 7.O-O b6 8.b4 Ne4 9.
Bb2 Nxc3 10.Bxc3 Be6 11.cxd5 cxd5 12.b5 Nd7 13.Qb3 Nf6 14.a4 Bg4 15.Bb4 
Re8 16.Rac1 e6 17.Rc6 Bf8 18.Rfc1 Bxb4 19.Qxb4 Qe7 20.Qb2 Bxf3 21.Bxf3 
Red8 22.Be2 Rab8 23.Bd3 Rb7 24.Qc3 Ne8 25.h3 Nd6 26.a5 bxa5 27.Qxa5 Kg7 
28.Rc7 Rd7 29.Rxb7 Rxb7 30.Rc6 Qd7 31.Qa6 Ne8 32.e4 dxe4 33.Bxe4 Rb8 34.
Qa1 Kg8 35.Rc5 Nf6 36.Bc6 Qe7 37.Rc3 Rc8 38.Re3 Qc7 39.Ra3 Qd6 40.Rxa7 Rd8
41.Qc3 Nd5 42.Bxd5 Qxd5 43.b6 e5 44.b7 Kg7 45.Qc7 1-0

[Event "2nd GMA World Cup prel  #3"]
[Site "Palma de Mallorca"]
[Date "1989.??.??"]
[Round "2"]
[White "Balashov, Yury"]
[Black "Magerramov, Elmar"]
[Result "1-0"]
[WhiteElo "2535"]
[BlackElo "2470"]
[EventDate "1989.12.??"]
[PlyCount "83"]

1.e4 c5 2.Nc3 Nc6 3.g3 g6 4.Bg2 Bg7 5.d3 d6 6.f4 e6 7.Nf3 Nge7 8.O-O O-O 
9.Be3 Nd4 10.e5 Qb6 11.Rb1 Nef5 12.Bf2 Nxf3+ 13.Qxf3 Nd4 14.Qd1 dxe5 15.
fxe5 Bd7 16.Ne4 Ba4 17.b3 Bc6 18.b4 Qd8 19.bxc5 Bxe5 20.c3 Nb5 21.d4 Bg7 
22.Qe2 Qa5 23.Be1 Rad8 24.Rb3 Qa6 25.Nf6+ Kh8 26.Bxc6 bxc6 27.g4 e5 28.
dxe5 Qc8 29.Rb4 Qe6 30.g5 Qe7 31.Qe3 h5 32.Rh4 Qe6 33.Rxh5+ gxh5 34.Qf3 
Qg4+ 35.Nxg4 hxg4 36.Qxg4 Rde8 37.g6 fxg6 38.Qxg6 Rxf1+ 39.Kxf1 Rxe5 40.
Qxc6 Rf5+ 41.Kg2 Rg5+ 42.Kf3 1-0

[Event "2nd GMA World Cup prel  #3"]
[Site "Palma de Mallorca"]
[Date "1989.??.??"]
[Round "2"]
[White "Tukmakov, Vladimir"]
[Black "Lukov, Valentin"]
[Result "1-0"]
[WhiteElo "2565"]
[BlackElo "2435"]
[EventDate "1989.12.??"]
[PlyCount "57"]

1.d4 Nf6 2.c4 c5 3.d5 g6 4.Nc3 Bg7 5.e4 d6 6.Bd3 O-O 7.Nf3 e6 8.O-O exd5 
9.cxd5 Bg4 10.h3 Bxf3 11.Qxf3 Nbd7 12.Qd1 Ne8 13.Re1 a6 14.a4 Nc7 15.a5 
Rb8 16.Bd2 b5 17.axb6 Nxb6 18.Qc2 c4 19.Bf1 f5 20.exf5 Rxf5 21.Ne4 Nbxd5 
22.Qxc4 Kh8 23.Ba5 Nb6 24.Qc6 Ne8 25.Nd2 Bd4 26.Nf3 Rxa5 27.Rxa5 Bf6 28.
Rxa6 Ng7 29.b4 1-0